| 000 | 00811nam a2200265Ia 4500 | ||
|---|---|---|---|
| 003 | OSt | ||
| 005 | 20221005080740.0 | ||
| 006 | a|||||r|||| 00| 0 | ||
| 007 | ta | ||
| 008 | 221004b |||||||| |||| 00| 0 eng d | ||
| 020 |
_a9780195630923 (pbk) _c310 |
||
| 024 | _a89286 | ||
| 037 |
_b19400, 18/03/2008, Motilal Banarsidass _cTextual |
||
| 040 |
_aCRL _cCRL _beng |
||
| 041 |
_2eng _aeng |
||
| 082 | _aQv2, P6 | ||
| 100 | _aMadan T. N. Ed. | ||
| 245 | 0 | _aReligion in India | |
| 260 |
_aNew Delhi _bOXfrod University Press India _c2006 |
||
| 300 |
_axvii, 460p. _ccm. |
||
| 490 | _aOxford in India readings in sociology and siocial anthropology | ||
| 650 | _aRELIGION | ||
| 942 |
_hQv2, P6 _cTEXL _2cc |
||
| 999 |
_c986662 _d986662 |
||